000 01783nam a2200253Ia 4500
999 _c52494
_d52494
001 19517
003 GE_BSU
005 20210330140057.0
008 181216s2016||||ge |||||||||||||| ||geo||
040 _cGE_BSU
041 _ageo
080 _a61 შ-81
100 _aშონვაძე, დალი
_910846
245 _aაუტოანთებითი პერიოდული ცხელებით მიმდინარე დაავადებები ბავშვებსა და მოზარდებში /
_cდალი შოვნაძე; სამეცნიერო ხელმძღვანელი ყარამან ფაღავა, ირინე კორინთელი; თბილისის სახელმწიფო სამედიცინო უნ-ტი.
264 _aთბილისი :
_bთბილისის სახელმწიფო სამედიცინო უნ-ტი,
_c2016.
300 _a145 გვ.;
_b30 სმ.
653 _aაუტოანთებითი პერიოდული ცხელებით მიმდინარე დაავადებები ბავშვებსა და მოზრდილებში
653 _aდისერტაცია
653 _aმედიცინა
700 _aფაღვა, ყარამან
_eსამეცნიერო ხელმძღვანელი
_910847
700 _aკორინთლი, ირინე
_eსამეცნიერო ხელმძღვანელი
_910848
710 _aთბილისის სახელმწიფო სამედიცინო უნივერსიტეტი
_99697
942 _cBK
_2udc